000 01181cab a2200181 4500
001 ABS42544
008 090401t1990 xxu||||| |||| 00| 0 eng d
035 _a(Sirsi) u37526
041 _aeng
245 _aAssociated British Ports v CH Bailey plc
260 _c1990
350 _a0
490 _aWeekly Law Reports
_v1990 WLR 812-822(11)
520 _aHL 22 March 1990. The tenants (B) of a dry dock had covenanted to keep premises, fixtures and machinery in good repair and condition but as demand for ship repairing dropped the premises fell into disrepair . The landlords (A) served a notice under Law of Property Act 1925 s146 with a schedule of dilapidations . The tenants served a counternotice claiming the benefit of Leasehold Property (Repairs) Act 1938 s1(3) and (5) whereby the landlord must prove his entitlement to remedy the breach of a repairing covenant . B argued that the machinery was bound to be obsolete anyway by the end of the lease and that the demanded payment for repairs was out of proportion to the loss in value to the reversion. Appeal allowed.
690 _aLANDLORD AND TENANT-CASE LAW-BUSINESS TENANCIES
942 _n0
948 _c04/03/1997
999 _c24233
_d24233